Normal view MARC view
  • Villa, Francisco,

Entry Nombre Personal

Number of records used in: 28

001 - NUMERO DE CONTROL

  • campo de control: 12809

003 - IDENTIFICADOR DE NUMERO DE CONTROL

  • campo de control: UPN

005 - FECHA Y HORA DE LA ÜLTIMA TRANSACCIÓN

  • campo de control: 20220606111344.0

008 - DATOS DE LONGITUD FIJA

  • campo de control de longitud fija: nabaccnnaabn|||||||||| b |nc|||||d

035 ## - NUMERO DE CONTROL

  • Número de control: UPN10000012817

040 ## - FUENTE DE CATALOGACIÓN

  • Lenguaje de catalogación: spa
  • Agencia de transcripción: MX-MxUPN
  • Agencia original de catalogación: MX-MxUPN

100 1# - ENCABEZAMIENTO - NOMBRE PERSONAL

  • Nombre personal: Villa, Francisco,
  • Fechas asociadas con el nombre: 1878-1923

670 ## - FUENTE EN LA QUE SE LOCALIZARON DATOS

  • Cita de la fuente: T
  • Información localizada: Diccionario Porrúa de historia, biografía y geografía de México

902 ## - CATALOGADOR

  • Catalogador: PN/130301